Statistics for First Lines of Songs #3

Click here to take the quiz!

General Stats

  • This quiz has been taken 34,790 times
    (10,996 since last reset)
  • The average score is 10 of 20

Answer Stats

First LineAnswer% Correct
At first I was afraid, I was petrifiedI Will Survive / Gloria Gaynor
78%
Hello darkness my old friendThe Sound of Silence /
Simon & Garfunkel
75%
You are, my fire / The one, desire / Believe when I sayI Want it That Way / Backstreet Boys
66%
On a dark desert highway, cool wind in my hairHotel California / Eagles
65%
Look at the stars / See how they shine for youYellow / Coldplay
62%
There's a fire, starting in my heart /
Reaching a fever pitch and it's bringing me out the dark
Rolling in the Deep / Adele
57%
I like big butts and I cannot lieBaby Got Back / Sir Mix-a-Lot
54%
I've got sunshine on a cloudy dayMy Girl / The Temptations
52%
She packed my bags last night pre-flight / Zero hour 9amRocket Man / Elton John
52%
Left a good job in the city / Workin' for the man every night and dayProud Mary /
Creedence Clearwater Revival
51%
How many roads must a man walk down / Before you call him a man?Blowin' in the Wind / Bob Dylan
50%
I get knocked down but I get up againTubthumping / Chumbawamba
49%
When your legs don't work like they used to before /
And I can't sweep you off of your feet
Thinking out Loud / Ed Sheeran
49%
Please allow me to introduce myself / I'm a man of wealth and tasteSympathy for the Devil /
The Rolling Stones
44%
She's a good girl, loves her mama / Loves Jesus and America tooFree Fallin' / Tom Petty
41%
Life is a mystery / Everyone must stand aloneLike a Prayer / Madonna
41%
Some people call me the space cowboy yeahThe Joker / Steve Miller Band
39%
I hear the train a comin' / It's rollin 'round the bendFolsom Prison Blues / Johnny Cash
29%
Jeremiah was a bullfrog / Was a good friend of mineJoy to the World / Three Dog Night
28%
Well the South side of Chicago / Is the baddest part of townBad, Bad Leroy Brown / Jim Croce
24%

Score Distribution

Percentile by Number Answered

Percent of People with Each Score

Your Score History

You have not taken this quiz since the last reset